[Event "2025 National K-12 Grade Championship"]
[Site "Spokane, WI USA, United States"]
[Date "2025.12.13"]
[Round "5.21"]
[White "Debmisra, Ariv"]
[Black "Saddi, Neevan Reddy"]
[Result "1-0"]
[TimeControl "G/90; d10"]
[WhiteFideId "39900207"]
[BlackFideId "39917002"]
[WhiteElo "2143"]
[BlackElo "2007"]

1. d4 {[%clk 01:29:48]} {[%emt 00:00:17]} Nf6 {[%clk 01:29:35]} {[%emt
00:00:35]} 2. Nc3 {[%clk 01:29:48]} {[%emt 00:00:07]} d5 {[%clk 01:29:35]}
{[%emt 00:00:07]} 3. Bf4 {[%clk 01:29:48]} {[%emt 00:00:07]} e6 {[%clk
01:28:21]} {[%emt 00:01:24]} 4. Nb5 {[%clk 01:29:45]} {[%emt 00:00:14]} Na6
{[%clk 01:27:22]} {[%emt 00:01:09]} 5. e3 {[%clk 01:29:26]} {[%emt 00:00:29]}
c6 {[%clk 01:20:03]} {[%emt 00:07:28]} 6. Nc3 {[%clk 01:29:04]} {[%emt
00:00:33]} Nc7 {[%clk 01:19:18]} {[%emt 00:00:56]} 7. Nf3 {[%clk 01:28:49]}
{[%emt 00:00:25]} Bd6 {[%clk 01:16:00]} {[%emt 00:03:27]} 8. Bd3 {[%clk
01:28:14]} {[%emt 00:00:46]} b5 {[%clk 01:12:00]} {[%emt 00:04:11]} 9. Bxd6
{[%clk 01:26:36]} {[%emt 00:01:48]} Qxd6 {[%clk 01:11:51]} {[%emt 00:00:18]} 10.
e4 {[%clk 01:25:58]} {[%emt 00:00:49]} dxe4 {[%clk 01:04:56]} {[%emt 00:07:05]}
11. Nxe4 {[%clk 01:25:58]} {[%emt 00:00:07]} Nxe4 {[%clk 01:03:31]} {[%emt
00:01:37]} 12. Bxe4 {[%clk 01:25:58]} {[%emt 00:00:07]} Nd5 {[%clk 01:02:36]}
{[%emt 00:01:05]} 13. c3 {[%clk 01:18:18]} {[%emt 00:07:50]} Nf6 {[%clk
00:56:32]} {[%emt 00:06:13]} 14. Bc2 {[%clk 01:18:07]} {[%emt 00:00:22]} Bb7
{[%clk 00:56:00]} {[%emt 00:00:42]} 15. O-O {[%clk 01:17:48]} {[%emt 00:00:29]}
O-O {[%clk 00:55:09]} {[%emt 00:01:01]} 16. Qe2 {[%clk 01:16:24]} {[%emt
00:01:33]} a6 {[%clk 00:50:47]} {[%emt 00:04:34]} 17. Qe5 {[%clk 01:14:19]}
{[%emt 00:02:15]} Qxe5 {[%clk 00:48:56]} {[%emt 00:02:01]} 18. Nxe5 {[%clk
01:14:16]} {[%emt 00:00:13]} Rfd8 {[%clk 00:46:51]} {[%emt 00:02:15]} 19. Nd3
{[%clk 01:13:36]} {[%emt 00:00:50]} a5 {[%clk 00:41:08]} {[%emt 00:05:54]} 20.
a3 {[%clk 01:11:13]} {[%emt 00:02:33]} Rac8 {[%clk 00:37:02]} {[%emt 00:04:16]}
21. Nc5 {[%clk 01:09:14]} {[%emt 00:02:08]} Rc7 {[%clk 00:35:43]} {[%emt
00:01:29]} 22. Bd1 {[%clk 01:08:15]} {[%emt 00:01:09]} Nd7 {[%clk 00:32:13]}
{[%emt 00:03:40]} 23. Nxd7 {[%clk 01:02:46]} {[%emt 00:05:39]} Rdxd7 {[%clk
00:30:04]} {[%emt 00:02:18]} 24. b4 {[%clk 01:02:43]} {[%emt 00:00:12]} a4
{[%clk 00:29:33]} {[%emt 00:00:42]} 25. Bf3 {[%clk 01:02:30]} {[%emt 00:00:23]}
g6 {[%clk 00:27:24]} {[%emt 00:02:20]} 26. Rfe1 {[%clk 01:02:19]} {[%emt
00:00:20]} Rd6 {[%clk 00:25:27]} {[%emt 00:02:05]} 27. Re5 {[%clk 01:01:44]}
{[%emt 00:00:46]} Ba6 {[%clk 00:23:51]} {[%emt 00:01:47]} 28. Rc5 {[%clk
00:59:23]} {[%emt 00:02:30]} Rc8 {[%clk 00:23:38]} {[%emt 00:00:23]} 29. Rd1
{[%clk 00:58:08]} {[%emt 00:01:25]} Kg7 {[%clk 00:23:00]} {[%emt 00:00:47]} 30.
Rd2 {[%clk 00:52:44]} {[%emt 00:05:34]} Kf6 {[%clk 00:22:26]} {[%emt 00:00:43]}
31. Bd1 {[%clk 00:51:58]} {[%emt 00:00:55]} Rcd8 {[%clk 00:21:29]} {[%emt
00:01:09]} 32. f4 {[%clk 00:51:26]} {[%emt 00:00:41]} h5 {[%clk 00:20:27]}
{[%emt 00:01:13]} 33. Kf2 {[%clk 00:51:18]} {[%emt 00:00:18]} Bb7 {[%clk
00:19:24]} {[%emt 00:01:13]} 34. Bf3 {[%clk 00:50:15]} {[%emt 00:01:13]} Kg7
{[%clk 00:19:15]} {[%emt 00:00:19]} 35. Ke3 {[%clk 00:48:37]} {[%emt 00:01:47]}
Rc8 {[%clk 00:18:42]} {[%emt 00:00:43]} 36. c4 {[%clk 00:48:11]} {[%emt
00:00:37]} bxc4 {[%clk 00:18:32]} {[%emt 00:00:21]} 37. Rxc4 {[%clk 00:48:08]}
{[%emt 00:00:12]} Ba6 {[%clk 00:18:32]} {[%emt 00:00:10]} 38. Rc5 {[%clk
00:47:43]} {[%emt 00:00:35]} Bb5 {[%clk 00:18:32]} {[%emt 00:00:08]} 39. Be2
{[%clk 00:47:16]} {[%emt 00:00:36]} Rb8 {[%clk 00:14:05]} {[%emt 00:04:37]} 40.
Rdc2 {[%clk 00:45:32]} {[%emt 00:01:53]} Bxe2 {[%clk 00:14:00]} {[%emt
00:00:15]} 41. Rxe2 {[%clk 00:45:32]} {[%emt 00:00:04]} Rbd8 {[%clk 00:13:48]}
{[%emt 00:00:22]} 42. Rd2 {[%clk 00:45:28]} {[%emt 00:00:14]} Ra8 {[%clk
00:13:48]} {[%emt 00:00:07]} 43. Rdc2 {[%clk 00:45:07]} {[%emt 00:00:31]} Rad8
{[%clk 00:13:48]} {[%emt 00:00:06]} 44. R2c4 {[%clk 00:45:07]} {[%emt
00:00:09]} Rd5 {[%clk 00:11:07]} {[%emt 00:02:51]} 45. Rxc6 {[%clk 00:45:03]}
{[%emt 00:00:14]} g5 {[%clk 00:11:07]} {[%emt 00:00:09]} 46. g3 {[%clk
00:44:58]} {[%emt 00:00:15]} gxf4+ {[%clk 00:10:38]} {[%emt 00:00:39]} 47. gxf4
{[%clk 00:44:58]} {[%emt 00:00:01]} Kf6 {[%clk 00:10:38]} {[%emt 00:00:09]} 48.
R6c5 {[%clk 00:44:50]} {[%emt 00:00:18]} Kf5 {[%clk 00:10:38]} {[%emt
00:00:09]} 49. Rxd5+ {[%clk 00:44:47]} {[%emt 00:00:14]} exd5 {[%clk 00:10:38]}
{[%emt 00:00:09]} 50. Rc5 {[%clk 00:44:44]} {[%emt 00:00:13]} Kg4 {[%clk
00:10:21]} {[%emt 00:00:26]} 51. Ra5 {[%clk 00:43:44]} {[%emt 00:01:11]} Re8+
{[%clk 00:10:21]} {[%emt 00:00:09]} 52. Kf2 {[%clk 00:43:43]} {[%emt 00:00:10]}
Kxf4 {[%clk 00:10:21]} {[%emt 00:00:08]} 53. Rxd5 {[%clk 00:43:43]} {[%emt
00:00:04]} Rc8 {[%clk 00:09:32]} {[%emt 00:00:58]} 54. Rc5 {[%clk 00:43:31]}
{[%emt 00:00:23]} Rd8 {[%clk 00:09:29]} {[%emt 00:00:13]} 55. Rxh5 {[%clk
00:43:00]} {[%emt 00:00:41]} f5 {[%clk 00:09:29]} {[%emt 00:00:05]} 56. Rh4+
{[%clk 00:42:00]} {[%emt 00:01:09]} Kg5 {[%clk 00:09:24]} {[%emt 00:00:16]} 57.
Kg3 {[%clk 00:41:54]} {[%emt 00:00:16]} Rc8 {[%clk 00:09:24]} {[%emt 00:00:08]}
58. Rf4 {[%clk 00:41:54]} {[%emt 00:00:06]} Rc3+ {[%clk 00:09:17]} {[%emt
00:00:17]} 59. Rf3 {[%clk 00:41:54]} {[%emt 00:00:02]} f4+ {[%clk 00:09:17]}
{[%emt 00:00:03]} 60. Kg2 {[%clk 00:41:25]} {[%emt 00:00:40]} Rc2+ {[%clk
00:09:17]} {[%emt 00:00:06]} 61. Rf2 {[%clk 00:40:15]} {[%emt 00:01:21]} Rc3
{[%clk 00:08:43]} {[%emt 00:00:43]} 62. Rd2 {[%clk 00:39:41]} {[%emt 00:00:45]}
Rxa3 {[%clk 00:08:31]} {[%emt 00:00:23]} 63. d5 {[%clk 00:39:36]} {[%emt
00:00:15]} Re3 {[%clk 00:05:42]} {[%emt 00:02:56]} 64. d6 {[%clk 00:39:18]}
{[%emt 00:00:31]} Re8 {[%clk 00:05:42]} {[%emt 00:00:04]} 65. b5 {[%clk
00:39:15]} {[%emt 00:00:13]} Kf6 {[%clk 00:02:44]} {[%emt 00:03:07]} 66. d7
{[%clk 00:37:50]} {[%emt 00:01:35]} Rd8 {[%clk 00:02:44]} {[%emt 00:00:06]} 67.
b6 {[%clk 00:37:50]} {[%emt 00:00:09]} a3 {[%clk 00:01:43]} {[%emt 00:01:11]}
68. b7 {[%clk 00:37:50]} {[%emt 00:00:10]} Ke7 {[%clk 00:01:43]} {[%emt
00:00:07]} 69. h4 {[%clk 00:37:28]} {[%emt 00:00:32]} a2 {[%clk 00:00:58]}
{[%emt 00:00:55]} 70. Rxa2 {[%clk 00:37:28]} {[%emt 00:00:05]} Rb8 {[%clk
00:00:58]} {[%emt 00:00:03]} 71. Ra8 {[%clk 00:37:27]} {[%emt 00:00:10]} 1-0

[Event "2025 National K-12 Grade Championship"]
[Site "Spokane, WI USA, United States"]
[Date "2025.12.13"]
[Round "5.22"]
[White "Wang, Jacob S"]
[Black "Pikh, Akim"]
[Result "1/2-1/2"]
[TimeControl "G/90; d10"]
[WhiteFideId "30973350"]
[BlackFideId "34166262"]
[WhiteElo "2067"]
[BlackElo "1945"]

1. d4 {[%clk 01:30:00]} {[%emt 00:00:01]} d5 {[%clk 01:29:57]} {[%emt
00:00:14]} 2. c4 {[%clk 01:30:00]} {[%emt 00:00:08]} c6 {[%clk 01:29:57]}
{[%emt 00:00:03]} 3. e3 {[%clk 01:29:41]} {[%emt 00:00:29]} Nf6 {[%clk
01:29:43]} {[%emt 00:00:23]} 4. Nf3 {[%clk 01:29:34]} {[%emt 00:00:17]} dxc4
{[%clk 01:29:10]} {[%emt 00:00:44]} 5. Bxc4 {[%clk 01:29:32]} {[%emt 00:00:11]}
e6 {[%clk 01:29:06]} {[%emt 00:00:15]} 6. O-O {[%clk 01:27:11]} {[%emt
00:02:29]} Be7 {[%clk 01:28:56]} {[%emt 00:00:21]} 7. Nbd2 {[%clk 01:25:39]}
{[%emt 00:01:42]} Nbd7 {[%clk 01:27:56]} {[%emt 00:01:12]} 8. b3 {[%clk
01:25:12]} {[%emt 00:00:37]} Nb6 {[%clk 01:26:41]} {[%emt 00:01:25]} 9. Bd3
{[%clk 01:24:04]} {[%emt 00:01:16]} Bd7 {[%clk 01:25:21]} {[%emt 00:01:31]} 10.
Bb2 {[%clk 01:23:44]} {[%emt 00:00:30]} Qc7 {[%clk 01:24:37]} {[%emt 00:00:52]}
11. Rc1 {[%clk 01:22:52]} {[%emt 00:01:00]} O-O {[%clk 01:22:09]} {[%emt
00:02:42]} 12. Qe2 {[%clk 01:18:39]} {[%emt 00:04:22]} Nbd5 {[%clk 01:21:29]}
{[%emt 00:00:50]} 13. Ne5 {[%clk 01:16:32]} {[%emt 00:02:18]} Rac8 {[%clk
01:18:40]} {[%emt 00:02:59]} 14. f4 {[%clk 01:15:27]} {[%emt 00:01:15]} Qd8
{[%clk 01:12:56]} {[%emt 00:05:53]} 15. e4 {[%clk 01:12:16]} {[%emt 00:03:23]}
Nb4 {[%clk 01:11:17]} {[%emt 00:01:48]} 16. Bb1 {[%clk 01:11:11]} {[%emt
00:01:11]} c5 {[%clk 01:10:28]} {[%emt 00:01:04]} 17. dxc5 {[%clk 01:10:07]}
{[%emt 00:01:14]} Bxc5+ {[%clk 01:08:02]} {[%emt 00:02:37]} 18. Kh1 {[%clk
01:08:04]} {[%emt 00:02:13]} Be7 {[%clk 01:04:11]} {[%emt 00:04:00]} 19. Ndf3
{[%clk 01:02:49]} {[%emt 00:05:25]} a6 {[%clk 01:01:38]} {[%emt 00:02:43]} 20.
Rfd1 {[%clk 00:57:36]} {[%emt 00:05:22]} Rxc1 {[%clk 00:59:28]} {[%emt
00:02:20]} 21. Bxc1 {[%clk 00:56:43]} {[%emt 00:01:03]} Bb5 {[%clk 00:56:07]}
{[%emt 00:03:32]} 22. Qe1 {[%clk 00:55:11]} {[%emt 00:01:42]} Qc7 {[%clk
00:54:04]} {[%emt 00:02:12]} 23. a4 {[%clk 00:51:36]} {[%emt 00:03:47]} Be8
{[%clk 00:52:03]} {[%emt 00:02:11]} 24. Bb2 {[%clk 00:49:11]} {[%emt 00:02:35]}
Nc6 {[%clk 00:51:32]} {[%emt 00:00:41]} 25. Qc3 {[%clk 00:39:35]} {[%emt
00:09:46]} Bb4 {[%clk 00:48:44]} {[%emt 00:02:58]} 26. Qc4 {[%clk 00:39:15]}
{[%emt 00:00:29]} Be7 {[%clk 00:47:13]} {[%emt 00:01:41]} 27. Qc2 {[%clk
00:33:46]} {[%emt 00:05:40]} g6 {[%clk 00:39:35]} {[%emt 00:07:49]} 28. Qc3
{[%clk 00:32:36]} {[%emt 00:01:20]} Bb4 {[%clk 00:39:03]} {[%emt 00:00:42]} 29.
Qc4 {[%clk 00:31:17]} {[%emt 00:01:28]} Be7 {[%clk 00:35:55]} {[%emt 00:03:17]}
30. Nd4 {[%clk 00:25:13]} {[%emt 00:06:15]} Qd8 {[%clk 00:29:08]} {[%emt
00:06:57]} 31. Nef3 {[%clk 00:20:06]} {[%emt 00:05:17]} Qc7 {[%clk 00:26:03]}
{[%emt 00:03:15]} 32. Nxc6 {[%clk 00:17:35]} {[%emt 00:02:41]} Bxc6 {[%clk
00:23:04]} {[%emt 00:03:10]} 33. Ne5 {[%clk 00:16:28]} {[%emt 00:01:17]} Rd8
{[%clk 00:21:19]} {[%emt 00:01:54]} 34. Rf1 {[%emt 00:06:15]} Qb6 {[%clk
00:18:17]} {[%emt 00:00:01]} 35. Qc3 {[%clk 00:12:12]} {[%emt 00:01:32]} Qf2
{[%clk 00:12:26]} {[%emt 00:06:00]} 36. Qc1 {[%clk 00:08:54]} {[%emt 00:03:28]}
Qe2 {[%clk 00:10:59]} {[%emt 00:01:36]} 37. Nxc6 {[%clk 00:07:33]} {[%emt
00:01:32]} bxc6 {[%clk 00:09:54]} {[%emt 00:01:15]} 38. Re1 {[%clk 00:07:16]}
{[%emt 00:00:28]} Qf2 {[%clk 00:08:30]} {[%emt 00:01:31]} 39. Rf1 {[%clk
00:06:28]} {[%emt 00:01:01]} Qe2 {[%clk 00:07:07]} {[%emt 00:01:33]} 40. Re1
{[%clk 00:06:09]} {[%emt 00:00:29]} Qf2 {[%clk 00:07:03]} {[%emt 00:00:14]} 41.
Rf1 {[%clk 00:03:17]} {[%emt 00:03:03]} Qe2 {[%clk 00:06:45]} {[%emt 00:00:27]}
42. Re1 {[%clk 00:02:50]} {[%emt 00:00:36]} 1/2-1/2

[Event "2025 National K-12 Grade Championship"]
[Site "Spokane, WI USA, United States"]
[Date "2025.12.13"]
[Round "5.23"]
[White "Chen, Celine"]
[Black "Zhou, Elizabeth"]
[Result "1-0"]
[TimeControl "G/90; d10"]
[WhiteFideId "39915107"]
[BlackFideId "39921760"]
[WhiteElo "1942"]
[BlackElo "1971"]

1. d4 {[%clk 01:30:00]} {[%emt 00:00:02]} Nf6 {[%clk 01:21:49]} {[%emt
00:08:21]} 2. c4 {[%clk 01:30:00]} {[%emt 00:00:06]} c5 {[%clk 01:21:49]}
{[%emt 00:00:06]} 3. d5 {[%clk 01:30:00]} {[%emt 00:00:09]} b5 {[%clk
01:21:49]} {[%emt 00:00:11]} 4. cxb5 {[%clk 01:30:00]} {[%emt 00:00:04]} a6
{[%clk 01:21:49]} {[%emt 00:00:06]} 5. e3 {[%clk 01:30:00]} {[%emt 00:00:04]}
e6 {[%clk 01:20:00]} {[%emt 00:01:59]} 6. Nc3 {[%clk 01:28:21]} {[%emt
00:01:49]} exd5 {[%clk 01:14:02]} {[%emt 00:06:09]} 7. Nxd5 {[%clk 01:22:45]}
{[%emt 00:05:46]} axb5 {[%clk 01:08:02]} {[%emt 00:06:09]} 8. Nxf6+ {[%clk
01:20:36]} {[%emt 00:02:19]} gxf6 {[%clk 01:07:31]} {[%emt 00:00:47]} 9. Bd2
{[%clk 01:17:44]} {[%emt 00:03:02]} b4 {[%clk 00:51:26]} {[%emt 00:16:15]} 10.
Qh5 {[%clk 01:08:22]} {[%emt 00:09:31]} Nc6 {[%clk 00:45:15]} {[%emt 00:06:22]}
11. Nf3 {[%clk 01:04:11]} {[%emt 00:04:21]} d5 {[%clk 00:39:27]} {[%emt
00:05:58]} 12. Bb5 {[%clk 01:03:53]} {[%emt 00:00:28]} Qb6 {[%clk 00:38:34]}
{[%emt 00:01:03]} 13. Ne5 {[%clk 01:01:37]} {[%emt 00:02:26]} Qxb5 {[%clk
00:16:39]} {[%emt 00:22:05]} 14. Qxf7+ {[%clk 01:01:12]} {[%emt 00:00:34]} Kd8
{[%clk 00:16:39]} {[%emt 00:00:01]} 15. Qxf6+ {[%clk 01:00:55]} {[%emt
00:00:27]} Kc7 {[%clk 00:16:39]} {[%emt 00:00:03]} 16. Qxh8 {[%clk 00:58:11]}
{[%emt 00:02:54]} Ba6 {[%clk 00:15:46]} {[%emt 00:01:03]} 17. Qxh7+ {[%clk
00:57:50]} {[%emt 00:00:31]} Be7 {[%clk 00:14:04]} {[%emt 00:01:52]} 18. O-O-O
{[%clk 00:50:47]} {[%emt 00:07:12]} Bc8 {[%clk 00:09:24]} {[%emt 00:04:50]} 19.
Nxc6 {[%clk 00:33:21]} {[%emt 00:17:36]} Qc4+ {[%clk 00:06:55]} {[%emt
00:02:40]} 20. Qc2 {[%clk 00:32:53]} {[%emt 00:00:38]} Qxc2+ {[%clk 00:06:55]}
{[%emt 00:00:04]} 21. Kxc2 {[%clk 00:32:53]} {[%emt 00:00:10]} Bf5+ {[%clk
00:06:55]} {[%emt 00:00:03]} 22. e4 {[%clk 00:31:15]} {[%emt 00:01:48]} Bxe4+
{[%clk 00:06:55]} {[%emt 00:00:06]} 23. Kc1 {[%clk 00:31:15]} {[%emt 00:00:03]}
Rxa2 {[%clk 00:06:36]} {[%emt 00:00:29]} 24. Bf4+ {[%clk 00:30:51]} {[%emt
00:00:34]} Kxc6 {[%clk 00:06:32]} {[%emt 00:00:15]} 25. f3 {[%clk 00:30:00]}
{[%emt 00:01:00]} Bh7 {[%clk 00:05:48]} {[%emt 00:00:54]} 26. Rhe1 {[%clk
00:29:30]} {[%emt 00:00:40]} Bf8 {[%clk 00:04:37]} {[%emt 00:01:22]} 27. Re6+
{[%clk 00:29:10]} {[%emt 00:00:30]} Kb5 {[%clk 00:04:35]} {[%emt 00:00:11]} 28.
Bh6 {[%clk 00:27:06]} {[%emt 00:02:14]} Bf5 {[%clk 00:03:42]} {[%emt 00:01:04]}
29. Rf6 {[%clk 00:26:46]} {[%emt 00:00:30]} Bxh6+ {[%emt 00:00:03]} 30. Rxh6
{[%clk 00:26:41]} {[%emt 00:00:14]} Kc4 {[%clk 00:03:42]} {[%emt 00:00:09]} 31.
g4 {[%clk 00:24:36]} {[%emt 00:02:14]} Bd3 {[%clk 00:03:42]} {[%emt 00:00:05]}
32. Re6 {[%clk 00:23:43]} {[%emt 00:01:03]} d4 {[%clk 00:03:34]} {[%emt
00:00:18]} 33. Re5 {[%clk 00:23:40]} {[%emt 00:00:13]} Bh7 {[%clk 00:03:05]}
{[%emt 00:00:40]} 34. f4 {[%clk 00:23:13]} {[%emt 00:00:37]} Bg8 {[%clk
00:01:41]} {[%emt 00:01:34]} 35. f5 {[%clk 00:22:11]} {[%emt 00:01:12]} Bd5
{[%clk 00:01:41]} {[%emt 00:00:06]} 36. Kb1 {[%clk 00:19:53]} {[%emt 00:02:29]}
Ra7 {[%clk 00:01:15]} {[%emt 00:00:37]} 37. Rc1+ {[%clk 00:19:52]} {[%emt
00:00:09]} Kb3 {[%clk 00:01:15]} {[%emt 00:00:06]} 38. Rxd5 {[%clk 00:18:52]}
{[%emt 00:01:11]} Ra2 {[%clk 00:01:12]} {[%emt 00:00:13]} 39. Rc2 {[%clk
00:18:48]} {[%emt 00:00:14]} c4 {[%clk 00:00:55]} {[%emt 00:00:27]} 40. Rxd4
{[%clk 00:18:48]} {[%emt 00:00:07]} Ra7 {[%clk 00:00:54]} {[%emt 00:00:11]} 41.
Rcxc4 {[%clk 00:18:27]} {[%emt 00:00:31]} Ra4 {[%clk 00:00:53]} {[%emt
00:00:12]} 42. Rxb4+ {[%clk 00:18:27]} {[%emt 00:00:06]} Rxb4 {[%clk 00:00:53]}
{[%emt 00:00:03]} 43. Rxb4+ {[%clk 00:18:27]} {[%emt 00:00:07]} Kxb4 {[%clk
00:00:53]} {[%emt 00:00:01]} 44. f6 {[%clk 00:18:09]} {[%emt 00:00:15]} 1-0

[Event "2025 National K-12 Grade Championship"]
[Site "Spokane, WI USA, United States"]
[Date "2025.12.13"]
[Round "5.24"]
[White "Maddipati, Srihas Sai Sarves"]
[Black "Xu, Olivia"]
[Result "0-1"]
[TimeControl "G/90; d10"]
[BlackFideId "39960919"]
[WhiteElo "1949"]
[BlackElo "1832"]

1. e4 {[%clk 01:29:56]} {[%emt 00:00:13]} c6 {[%clk 01:30:00]} {[%emt
00:00:03]} 2. d4 {[%clk 01:29:08]} {[%emt 00:00:58]} d5 {[%clk 01:30:00]}
{[%emt 00:00:04]} 3. e5 {[%clk 01:29:08]} {[%emt 00:00:05]} Bf5 {[%clk
01:30:00]} {[%emt 00:00:04]} 4. Bd3 {[%clk 01:29:08]} {[%emt 00:00:04]} Bxd3
{[%clk 01:30:00]} {[%emt 00:00:06]} 5. Qxd3 {[%clk 01:29:08]} {[%emt 00:00:05]}
e6 {[%clk 01:30:00]} {[%emt 00:00:10]} 6. Ne2 {[%clk 01:29:08]} {[%emt
00:00:04]} Nd7 {[%clk 01:30:00]} {[%emt 00:00:08]} 7. Nd2 {[%clk 01:29:08]}
{[%emt 00:00:04]} c5 {[%clk 01:29:57]} {[%emt 00:00:14]} 8. c3 {[%clk
01:29:08]} {[%emt 00:00:07]} Ne7 {[%clk 01:29:54]} {[%emt 00:00:12]} 9. Nf3
{[%clk 01:29:08]} {[%emt 00:00:04]} Nf5 {[%clk 01:29:23]} {[%emt 00:00:42]} 10.
O-O {[%clk 01:29:08]} {[%emt 00:00:10]} Be7 {[%clk 01:29:21]} {[%emt 00:00:13]}
11. g4 {[%clk 01:29:08]} {[%emt 00:00:06]} Nh4 {[%clk 01:28:38]} {[%emt
00:00:52]} 12. Nxh4 {[%clk 01:29:08]} {[%emt 00:00:05]} Bxh4 {[%clk 01:28:34]}
{[%emt 00:00:13]} 13. f4 {[%clk 01:29:08]} {[%emt 00:00:07]} h6 {[%clk
01:28:04]} {[%emt 00:00:41]} 14. Be3 {[%clk 01:28:23]} {[%emt 00:00:54]} Be7
{[%clk 01:27:08]} {[%emt 00:01:06]} 15. Kh1 {[%clk 01:27:00]} {[%emt 00:01:33]}
Qb6 {[%clk 01:25:18]} {[%emt 00:02:01]} 16. a4 {[%clk 01:25:13]} {[%emt
00:01:57]} c4 {[%clk 01:22:57]} {[%emt 00:02:31]} 17. Qc2 {[%clk 01:24:12]}
{[%emt 00:01:11]} O-O-O {[%clk 01:17:41]} {[%emt 00:05:26]} 18. Rfb1 {[%clk
01:23:47]} {[%emt 00:00:34]} g5 {[%clk 01:15:39]} {[%emt 00:02:12]} 19. b3
{[%clk 01:23:04]} {[%emt 00:00:54]} Qc6 {[%clk 01:14:33]} {[%emt 00:01:16]} 20.
fxg5 {[%clk 01:19:17]} {[%emt 00:03:57]} hxg5 {[%clk 01:13:38]} {[%emt
00:01:04]} 21. Ng3 {[%clk 01:16:15]} {[%emt 00:03:13]} Rh4 {[%clk 01:10:41]}
{[%emt 00:03:06]} 22. Qe2 {[%clk 01:14:59]} {[%emt 00:01:27]} Rdh8 {[%clk
01:10:06]} {[%emt 00:00:44]} 23. Bg1 {[%clk 01:13:14]} {[%emt 00:01:55]} f6
{[%clk 01:04:38]} {[%emt 00:05:38]} 24. exf6 {[%clk 01:11:41]} {[%emt
00:01:44]} Nxf6 {[%clk 01:03:24]} {[%emt 00:01:23]} 25. Re1 {[%clk 01:08:27]}
{[%emt 00:03:25]} Rxg4 {[%clk 00:57:27]} {[%emt 00:06:08]} 26. Kg2 {[%clk
01:06:57]} {[%emt 00:01:39]} Kd7 {[%clk 00:53:47]} {[%emt 00:03:50]} 27. b4
{[%clk 01:06:19]} {[%emt 00:00:48]} Rh7 {[%clk 00:49:45]} {[%emt 00:04:12]} 28.
Ra2 {[%clk 01:00:42]} {[%emt 00:05:47]} Rgh4 {[%clk 00:49:02]} {[%emt
00:00:52]} 29. Qf3 {[%clk 01:00:14]} {[%emt 00:00:39]} Ng4 {[%clk 00:43:58]}
{[%emt 00:05:13]} 30. h3 {[%clk 00:58:11]} {[%emt 00:02:14]} Nf6 {[%clk
00:43:56]} {[%emt 00:00:12]} 31. Rae2 {[%clk 00:58:09]} {[%emt 00:00:13]} Rxh3
{[%clk 00:42:04]} {[%emt 00:02:02]} 32. b5 {[%clk 00:57:57]} {[%emt 00:00:23]}
Qd6 {[%clk 00:41:51]} {[%emt 00:00:22]} 33. Rxe6 {[%clk 00:57:47]} {[%emt
00:00:19]} Qxe6 {[%clk 00:40:52]} {[%emt 00:01:10]} 34. Rxe6 {[%clk 00:57:47]}
{[%emt 00:00:10]} Kxe6 {[%clk 00:40:52]} {[%emt 00:00:04]} 35. Qf5+ {[%emt
00:00:53]} Kf7 {[%clk 00:39:18]} {[%emt 00:01:42]} 36. Qe5 {[%clk 00:55:40]}
{[%emt 00:01:35]} g4 {[%clk 00:36:44]} {[%emt 00:02:44]} 37. Nf5 {[%clk
00:54:43]} {[%emt 00:01:06]} Ba3 {[%clk 00:34:10]} {[%emt 00:02:44]} 38. Ne3
{[%clk 00:52:33]} {[%emt 00:02:20]} R3h5 {[%clk 00:33:21]} {[%emt 00:00:59]} 39.
Qf4 {[%clk 00:52:18]} {[%emt 00:00:24]} Bc1 {[%clk 00:32:15]} {[%emt 00:01:18]}
40. Qf2 {[%clk 00:49:17]} {[%emt 00:03:10]} Bxe3 {[%clk 00:32:15]} {[%emt
00:00:10]} 41. Qxe3 {[%clk 00:49:17]} {[%emt 00:00:05]} Rh3 {[%clk 00:32:15]}
{[%emt 00:00:07]} 42. Qc1 {[%clk 00:43:51]} {[%emt 00:05:36]} Rf3 {[%clk
00:29:27]} {[%emt 00:02:57]} 43. b6 {[%clk 00:41:42]} {[%emt 00:02:20]} a6
{[%clk 00:28:44]} {[%emt 00:00:53]} 44. Bh2 {[%clk 00:35:17]} {[%emt 00:06:35]}
Ne4 {[%clk 00:28:07]} {[%emt 00:00:47]} 45. Be5 {[%clk 00:35:16]} {[%emt
00:00:10]} Rf2+ {[%clk 00:25:39]} {[%emt 00:02:38]} 46. Kg1 {[%clk 00:35:14]}
{[%emt 00:00:12]} Rh3 {[%clk 00:25:28]} {[%emt 00:00:20]} 47. a5 {[%clk
00:34:45]} {[%emt 00:00:40]} Rxc3 {[%clk 00:22:04]} {[%emt 00:03:35]} 48. Qh6
{[%clk 00:33:16]} {[%emt 00:01:39]} Rcf3 {[%clk 00:19:54]} {[%emt 00:02:20]} 49.
Qg7+ {[%clk 00:29:03]} {[%emt 00:04:22]} Ke8 {[%clk 00:19:50]} {[%emt
00:00:14]} 50. Qh8+ {[%clk 00:29:03]} {[%emt 00:00:04]} Ke7 {[%clk 00:19:16]}
{[%emt 00:00:44]} 51. Qh4+ {[%clk 00:28:53]} {[%emt 00:00:14]} Ke8 {[%clk
00:17:38]} {[%emt 00:01:54]} 52. Qh8+ {[%clk 00:28:27]} {[%emt 00:00:35]} Kd7
{[%clk 00:17:38]} {[%emt 00:00:06]} 53. Qg7+ {[%clk 00:28:27]} {[%emt
00:00:06]} Kc6 {[%clk 00:16:18]} {[%emt 00:01:31]} 54. Qc7+ {[%clk 00:26:00]}
{[%emt 00:02:37]} Kb5 {[%clk 00:16:18]} {[%emt 00:00:05]} 55. Qd7+ {[%clk
00:26:00]} {[%emt 00:00:04]} Kb4 {[%clk 00:16:18]} {[%emt 00:00:08]} 56. Bd6+
{[%clk 00:25:57]} {[%emt 00:00:13]} Kb3 {[%clk 00:16:18]} {[%emt 00:00:09]} 57.
Bg3 {[%clk 00:25:29]} {[%emt 00:00:37]} Rxg3+ {[%clk 00:15:41]} {[%emt
00:00:47]} 58. Kh1 {[%clk 00:25:29]} {[%emt 00:00:05]} Rd3 {[%clk 00:15:15]}
{[%emt 00:00:33]} 59. Qxg4 {[%clk 00:25:29]} {[%emt 00:00:08]} Nc3 {[%clk
00:14:49]} {[%emt 00:00:37]} 60. Kg1 {[%clk 00:25:09]} {[%emt 00:00:30]} Rc2
{[%clk 00:14:48]} {[%emt 00:00:11]} 61. Kf1 {[%clk 00:25:03]} {[%emt 00:00:16]}
Rd1+ {[%clk 00:14:48]} {[%emt 00:00:06]} 62. Qxd1 {[%clk 00:25:03]} {[%emt
00:00:05]} Nxd1 {[%clk 00:14:47]} {[%emt 00:00:10]} 63. Ke1 {[%clk 00:25:03]}
{[%emt 00:00:03]} Kc3 {[%clk 00:14:47]} {[%emt 00:00:09]} 64. Kf1 {[%clk
00:25:03]} {[%emt 00:00:05]} Kd3 {[%clk 00:14:36]} {[%emt 00:00:21]} 65. Ke1
{[%clk 00:25:03]} {[%emt 00:00:05]} Rf2 {[%clk 00:14:22]} {[%emt 00:00:24]} 66.
Kxd1 {[%clk 00:25:03]} {[%emt 00:00:07]} Rf1# {[%clk 00:14:22]} {[%emt
00:00:10]} 0-1